Sports Quiz

Random Sports or Spanish Quiz

Spanish La Liga Winners Quiz Stats

 Plays Quiz Updated Jan 11, 2019

Score 0/87 Timer 04:00
28 Plays Today
Season Winner % Correct
1928/29FC Barcelona
99.6%
1944/45FC Barcelona
99.6%
1947/48FC Barcelona
99.6%
1948/49FC Barcelona
99.6%
1951/52FC Barcelona
99.6%
1952/53FC Barcelona
99.6%
1958/59FC Barcelona
99.6%
1959/60FC Barcelona
99.6%
1973/74FC Barcelona
99.6%
1984/85FC Barcelona
99.6%
1990/91FC Barcelona
99.6%
1991/92FC Barcelona
99.6%
1992/93FC Barcelona
99.6%
1993/94FC Barcelona
99.6%
1997/98FC Barcelona
99.6%
1998/99FC Barcelona
99.6%
2004/05FC Barcelona
99.6%
2005/06FC Barcelona
99.6%
2008/09FC Barcelona
99.6%
2009/10FC Barcelona
99.5%
2010/11FC Barcelona
99.5%
2012/13FC Barcelona
99.5%
2014/15FC Barcelona
99.5%
2015/16FC Barcelona
99.5%
2017/18FC Barcelona
99.5%
1931/32Real Madrid
99.4%
1932/33Real Madrid
99.4%
1953/54Real Madrid
99.4%
1954/55Real Madrid
99.4%
Season Winner % Correct
1956/57Real Madrid
99.4%
1957/58Real Madrid
99.4%
1960/61Real Madrid
99.4%
1961/62Real Madrid
99.4%
1962/63Real Madrid
99.4%
1963/64Real Madrid
99.4%
1964/65Real Madrid
99.4%
1966/67Real Madrid
99.4%
1967/68Real Madrid
99.4%
1968/69Real Madrid
99.4%
1971/72Real Madrid
99.4%
1974/75Real Madrid
99.4%
1975/76Real Madrid
99.4%
1977/78Real Madrid
99.4%
1978/79Real Madrid
99.4%
1979/80Real Madrid
99.4%
1985/86Real Madrid
99.4%
1986/87Real Madrid
99.4%
1987/88Real Madrid
99.4%
1988/89Real Madrid
99.4%
1989/90Real Madrid
99.4%
1994/95Real Madrid
99.4%
1996/97Real Madrid
99.4%
2000/01Real Madrid
99.4%
2002/03Real Madrid
99.4%
2006/07Real Madrid
99.4%
2007/08Real Madrid
99.4%
2011/12Real Madrid
99.4%
2016/17Real Madrid
99.3%
Season Winner % Correct
2013/14Atlético Madrid
92.4%
1949/50Atlético Madrid
91.8%
1950/51Atlético Madrid
91.8%
1965/66Atlético Madrid
91.8%
1969/70Atlético Madrid
91.8%
1972/73Atlético Madrid
91.8%
1976/77Atlético Madrid
91.8%
1995/96Atlético Madrid
91.8%
1941/42Valencia CF
91.7%
1943/44Valencia CF
91.7%
1946/47Valencia CF
91.7%
1970/71Valencia CF
91.7%
2001/02Valencia CF
91.7%
2003/04Valencia CF
91.7%
1939/40Athletic Aviación de Madrid
90.7%
1940/41Athletic Aviación de Madrid
90.7%
1945/46Sevilla FC
81.5%
1929/30Athletic Bilbao
75.1%
1930/31Athletic Bilbao
75.1%
1933/34Athletic Bilbao
75.1%
1935/36Athletic Bilbao
75.1%
1942/43Athletic Bilbao
75.1%
1955/56Athletic Bilbao
75.1%
1982/83Athletic Bilbao
75.1%
1983/84Athletic Bilbao
75.1%
1999/00Deportivo La Coruña
69%
1934/35Real Betis
62.1%
1980/81Real Sociedad
57.5%
1981/82Real Sociedad
57.5%

You're not logged in!

Compare scores with friends on all Sporcle quizzes.
OR
Log In

Sporcle TV

Today on Sporcle TV


Watch our educational content, quiz creation guides, and fun videos on Sporcle TV.

Show Comments

Extras

Top Quizzes Today


Score Distribution

Your Account Isn't Verified!

In order to create a playlist on Sporcle, you need to verify the email address you used during registration. Go to your Sporcle Settings to finish the process.

Report this User

Report this user for behavior that violates our Community Guidelines.

Details: